{"text_format":"3","workbook":"xlsx","n_sheets":5,"sheets":["1. 후원금 수입명세서","2. 후원품 수입명세서","3. 후원금 사용명세서","4. 후원품 사용명세서","5. 후원금 전용계좌"],"not_rendered":{"defined_names":1},"read":"whole","date_system":"1900"}

{"sheet":"1. 후원금 수입명세서","index":0,"n_rows":207,"n_cols":10,"rows_kept":207,"merged":[[0,0,0,9],[206,0,206,7]]}
["1. 후원금 수입명세서"]
[]
["No.","발생일자","후원금종류","후원자구분","모금자기관\n여부","기부금단체\n여부","후원자","내역","금액(원)","비고"]
[1,"20240105","기타 후원금품","개인","N","N","안**","기관운영",{"v":10000,"d":"10,000"},"비지정후원금"]
[2,"20240110","기타 후원금품","개인","N","N","이**","기관운영",{"v":10000,"d":"10,000"},"비지정후원금"]
[3,"20240117","기타 후원금품","개인","N","N","류**","기관운영",{"v":10000,"d":"10,000"},"비지정후원금"]
[4,"20240117","기타 후원금품","개인","N","N","오**","기관운영",{"v":10000,"d":"10,000"},"비지정후원금"]
[5,"20240122","기타 후원금품","개인","N","N","김**","기관운영",{"v":10000,"d":"10,000"},"비지정후원금"]
[6,"20240122","기타 후원금품","개인","N","N","오**","기관운영",{"v":10000,"d":"10,000"},"비지정후원금"]
[7,"20240125","기타 후원금품","개인","N","N","명**","기관운영",{"v":50000,"d":"50,000"},"지정후원금"]
[8,"20240125","기타 후원금품","개인","N","N","이**","기관운영",{"v":120000,"d":"120,000"},"비지정후원금"]
[9,"20240125","기타 후원금품","개인","N","N","김**","기관운영",{"v":30000,"d":"30,000"},"비지정후원금"]
[10,"20240125","기타 후원금품","개인","N","N","신**","기관운영",{"v":5000,"d":"5,000"},"비지정후원금"]
[11,"20240125","기타 후원금품","개인","N","N","창***","기관운영",{"v":100000,"d":"100,000"},"비지정후원금"]
[12,"20240125","기타 후원금품","개인","N","N","황**","기관운영",{"v":100000,"d":"100,000"},"지정후원금"]
[13,"20240125","기타 후원금품","개인","N","N","오**","기관운영",{"v":50000,"d":"50,000"},"비지정후원금"]
[14,"20240125","기타 후원금품","개인","N","N","송**","기관운영",{"v":5000,"d":"5,000"},"비지정후원금"]
[15,"20240125","기타 후원금품","개인","N","N","윤**","기관운영",{"v":50000,"d":"50,000"},"지정후원금"]
[16,"20240125","기타 후원금품","개인","N","N","오**","기관운영",{"v":50000,"d":"50,000"},"지정후원금"]
[17,"20240125","기타 후원금품","개인","N","N","정**","기관운영",{"v":10000,"d":"10,000"},"비지정후원금"]
[18,"20240125","기타 후원금품","개인","N","N","심**","기관운영",{"v":50000,"d":"50,000"},"지정후원금"]
[19,"20240125","기타 후원금품","개인","N","N","정**","기관운영",{"v":50000,"d":"50,000"},"지정후원금"]
[20,"20240126","기타 후원금품","개인","N","N","오**","기관운영",{"v":20000,"d":"20,000"},"비지정후원금"]
[21,"20240205","기타 후원금품","개인","N","N","안**","기관운영",{"v":10000,"d":"10,000"},"비지정후원금"]
[22,"20240208","기타 후원금품","개인","N","N","이**","기관운영",{"v":10000,"d":"10,000"},"비지정후원금"]
[23,"20240219","기타 후원금품","개인","N","N","류**","기관운영",{"v":10000,"d":"10,000"},"비지정후원금"]
[24,"20240219","기타 후원금품","개인","N","N","오**","기관운영",{"v":10000,"d":"10,000"},"비지정후원금"]
[25,"20240220","기타 후원금품","개인","N","N","창***","기관운영",{"v":100000,"d":"100,000"},"비지정후원금"]
[26,"20240221","기타 후원금품","개인","N","N","오**","기관운영",{"v":10000,"d":"10,000"},"비지정후원금"]
[27,"20240223","기타 후원금품","개인","N","N","김**","기관운영",{"v":30000,"d":"30,000"},"비지정후원금"]
[28,"20240223","기타 후원금품","개인","N","N","황**","기관운영",{"v":100000,"d":"100,000"},"지정후원금"]
[29,"20240223","기타 후원금품","개인","N","N","윤**","기관운영",{"v":50000,"d":"50,000"},"지정후원금"]
[30,"20240223","기타 후원금품","개인","N","N","오**","기관운영",{"v":50000,"d":"50,000"},"지정후원금"]
[31,"20240223","기타 후원금품","개인","N","N","심**","기관운영",{"v":100000,"d":"100,000"},"지정후원금"]
[32,"20240223","기타 후원금품","개인","N","N","정**","기관운영",{"v":50000,"d":"50,000"},"지정후원금"]
[33,"20240225","기타 후원금품","개인","N","N","오**","기관운영",{"v":50000,"d":"50,000"},"비지정후원금"]
[34,"20240226","기타 후원금품","개인","N","N","명**","기관운영",{"v":50000,"d":"50,000"},"지정후원금"]
[35,"20240226","기타 후원금품","개인","N","N","오**","기관운영",{"v":20000,"d":"20,000"},"비지정후원금"]
[36,"20240226","기타 후원금품","개인","N","N","신**","기관운영",{"v":5000,"d":"5,000"},"비지정후원금"]
[37,"20240226","기타 후원금품","개인","N","N","송**","기관운영",{"v":5000,"d":"5,000"},"비지정후원금"]
[38,"20240226","기타 후원금품","개인","N","N","정**","기관운영",{"v":10000,"d":"10,000"},"비지정후원금"]
[39,"20240305","기타 후원금품","개인","N","N","안**","기관운영",{"v":10000,"d":"10,000"},"비지정후원금"]
[40,"20240308","기타 후원금품","개인","N","N","이**","기관운영",{"v":10000,"d":"10,000"},"비지정후원금"]
[41,"20240311","기타 후원금품","개인","N","N","김**","기관운영",{"v":20000,"d":"20,000"},"비지정후원금"]
[42,"20240318","기타 후원금품","개인","N","N","류**","기관운영",{"v":10000,"d":"10,000"},"비지정후원금"]
[43,"20240318","기타 후원금품","개인","N","N","오**","기관운영",{"v":10000,"d":"10,000"},"비지정후원금"]
[44,"20240320","기타 후원금품","개인","N","N","창***","기관운영",{"v":100000,"d":"100,000"},"비지정후원금"]
[45,"20240321","기타 후원금품","개인","N","N","오**","기관운영",{"v":10000,"d":"10,000"},"비지정후원금"]
[46,"20240325","기타 후원금품","개인","N","N","명**","기관운영",{"v":50000,"d":"50,000"},"지정후원금"]
[47,"20240325","기타 후원금품","개인","N","N","김**","기관운영",{"v":30000,"d":"30,000"},"비지정후원금"]
[48,"20240325","기타 후원금품","개인","N","N","신**","기관운영",{"v":5000,"d":"5,000"},"비지정후원금"]
[49,"20240325","기타 후원금품","개인","N","N","황**","기관운영",{"v":100000,"d":"100,000"},"지정후원금"]
[50,"20240325","기타 후원금품","개인","N","N","오**","기관운영",{"v":50000,"d":"50,000"},"비지정후원금"]
[51,"20240325","기타 후원금품","개인","N","N","송**","기관운영",{"v":5000,"d":"5,000"},"비지정후원금"]
[52,"20240325","기타 후원금품","개인","N","N","윤**","기관운영",{"v":50000,"d":"50,000"},"지정후원금"]
[53,"20240325","기타 후원금품","개인","N","N","오**","기관운영",{"v":50000,"d":"50,000"},"지정후원금"]
[54,"20240325","기타 후원금품","개인","N","N","정**","기관운영",{"v":10000,"d":"10,000"},"비지정후원금"]
[55,"20240325","기타 후원금품","개인","N","N","심**","기관운영",{"v":100000,"d":"100,000"},"지정후원금"]
[56,"20240325","기타 후원금품","개인","N","N","정**","기관운영",{"v":50000,"d":"50,000"},"지정후원금"]
[57,"20240326","기타 후원금품","개인","N","N","오**","기관운영",{"v":20000,"d":"20,000"},"비지정후원금"]
[58,"20240327","기타 후원금품","개인","N","N","김**(서울우유)","기관운영",{"v":10000,"d":"10,000"},"비지정후원금"]
[59,"20240405","기타 후원금품","개인","N","N","안**","기관운영",{"v":10000,"d":"10,000"},"비지정후원금"]
[60,"20240409","기타 후원금품","개인","N","N","이**","기관운영",{"v":10000,"d":"10,000"},"비지정후원금"]
[61,"20240415","기타 후원금품","개인","N","N","허**","기관운영",{"v":50000,"d":"50,000"},"비지정후원금"]
[62,"20240417","기타 후원금품","개인","N","N","류**","기관운영",{"v":10000,"d":"10,000"},"비지정후원금"]
[63,"20240417","기타 후원금품","개인","N","N","오**","기관운영",{"v":10000,"d":"10,000"},"비지정후원금"]
[64,"20240419","기타 후원금품","개인","N","N","창***","기관운영",{"v":100000,"d":"100,000"},"비지정후원금"]
[65,"20240422","기타 후원금품","개인","N","N","오**","기관운영",{"v":10000,"d":"10,000"},"비지정후원금"]
[66,"20240423","기타 후원금품","개인","N","N","김**","기관운영",{"v":10000,"d":"10,000"},"비지정후원금"]
[67,"20240425","기타 후원금품","개인","N","N","명**","기관운영",{"v":50000,"d":"50,000"},"지정후원금"]
[68,"20240425","기타 후원금품","개인","N","N","김**","기관운영",{"v":30000,"d":"30,000"},"비지정후원금"]
[69,"20240425","기타 후원금품","개인","N","N","신**","기관운영",{"v":5000,"d":"5,000"},"비지정후원금"]
[70,"20240425","기타 후원금품","개인","N","N","황**","기관운영",{"v":100000,"d":"100,000"},"지정후원금"]
[71,"20240425","기타 후원금품","개인","N","N","오**","기관운영",{"v":50000,"d":"50,000"},"비지정후원금"]
[72,"20240425","기타 후원금품","개인","N","N","윤**","기관운영",{"v":50000,"d":"50,000"},"지정후원금"]
[73,"20240425","기타 후원금품","개인","N","N","오**","기관운영",{"v":50000,"d":"50,000"},"지정후원금"]
[74,"20240425","기타 후원금품","개인","N","N","정**","기관운영",{"v":10000,"d":"10,000"},"비지정후원금"]
[75,"20240425","기타 후원금품","개인","N","N","심**","기관운영",{"v":100000,"d":"100,000"},"지정후원금"]
[76,"20240425","기타 후원금품","개인","N","N","정**","기관운영",{"v":50000,"d":"50,000"},"지정후원금"]
[77,"20240426","기타 후원금품","개인","N","N","오**","기관운영",{"v":20000,"d":"20,000"},"비지정후원금"]
[78,"20240507","기타 후원금품","개인","N","N","안**","기관운영",{"v":10000,"d":"10,000"},"비지정후원금"]
[79,"20240510","기타 후원금품","개인","N","N","이**","기관운영",{"v":10000,"d":"10,000"},"비지정후원금"]
[80,"20240517","기타 후원금품","개인","N","N","류**","기관운영",{"v":10000,"d":"10,000"},"비지정후원금"]
[81,"20240517","기타 후원금품","개인","N","N","오**","기관운영",{"v":10000,"d":"10,000"},"비지정후원금"]
[82,"20240520","기타 후원금품","개인","N","N","창***","기관운영",{"v":100000,"d":"100,000"},"비지정후원금"]
[83,"20240521","기타 후원금품","개인","N","N","오**","기관운영",{"v":10000,"d":"10,000"},"비지정후원금"]
[84,"20240524","기타 후원금품","개인","N","N","김**","기관운영",{"v":30000,"d":"30,000"},"비지정후원금"]
[85,"20240524","기타 후원금품","개인","N","N","황**","기관운영",{"v":100000,"d":"100,000"},"지정후원금"]
[86,"20240524","기타 후원금품","개인","N","N","오**","기관운영",{"v":50000,"d":"50,000"},"비지정후원금"]
[87,"20240524","기타 후원금품","개인","N","N","윤**","기관운영",{"v":50000,"d":"50,000"},"지정후원금"]
[88,"20240524","기타 후원금품","개인","N","N","심**","기관운영",{"v":100000,"d":"100,000"},"지정후원금"]
[89,"20240524","기타 후원금품","개인","N","N","정**","기관운영",{"v":50000,"d":"50,000"},"지정후원금"]
[90,"20240526","기타 후원금품","개인","N","N","오**","기관운영",{"v":50000,"d":"50,000"},"지정후원금"]
[91,"20240527","기타 후원금품","개인","N","N","명**","기관운영",{"v":50000,"d":"50,000"},"지정후원금"]
[92,"20240527","기타 후원금품","개인","N","N","오**","기관운영",{"v":20000,"d":"20,000"},"비지정후원금"]
[93,"20240527","기타 후원금품","개인","N","N","신**","기관운영",{"v":5000,"d":"5,000"},"비지정후원금"]
[94,"20240527","기타 후원금품","개인","N","N","정**","기관운영",{"v":10000,"d":"10,000"},"비지정후원금"]
[95,"20240605","기타 후원금품","개인","N","N","안**","기관운영",{"v":10000,"d":"10,000"},"비지정후원금"]
[96,"20240617","기타 후원금품","개인","N","N","류**","기관운영",{"v":10000,"d":"10,000"},"비지정후원금"]
[97,"20240617","기타 후원금품","개인","N","N","오**","기관운영",{"v":10000,"d":"10,000"},"비지정후원금"]
[98,"20240619","기타 후원금품","개인","N","N","창***","기관운영",{"v":100000,"d":"100,000"},"비지정후원금"]
[99,"20240621","기타 후원금품","개인","N","N","오**","기관운영",{"v":10000,"d":"10,000"},"비지정후원금"]
[100,"20240625","기타 후원금품","개인","N","N","명**","기관운영",{"v":50000,"d":"50,000"},"지정후원금"]
[101,"20240625","기타 후원금품","개인","N","N","김**","기관운영",{"v":30000,"d":"30,000"},"비지정후원금"]
[102,"20240625","기타 후원금품","개인","N","N","신**","기관운영",{"v":5000,"d":"5,000"},"비지정후원금"]
[103,"20240625","기타 후원금품","개인","N","N","황**","기관운영",{"v":100000,"d":"100,000"},"지정후원금"]
[104,"20240625","기타 후원금품","개인","N","N","오**","기관운영",{"v":50000,"d":"50,000"},"비지정후원금"]
[105,"20240625","기타 후원금품","개인","N","N","윤**","기관운영",{"v":50000,"d":"50,000"},"지정후원금"]
[106,"20240625","기타 후원금품","개인","N","N","정**","기관운영",{"v":10000,"d":"10,000"},"비지정후원금"]
[107,"20240625","기타 후원금품","개인","N","N","심**","기관운영",{"v":100000,"d":"100,000"},"지정후원금"]
[108,"20240625","기타 후원금품","개인","N","N","정**","기관운영",{"v":50000,"d":"50,000"},"지정후원금"]
[109,"20240626","기타 후원금품","개인","N","N","오**","기관운영",{"v":20000,"d":"20,000"},"비지정후원금"]
[110,"20240626","기타 후원금품","개인","N","N","김**","기관운영",{"v":10000,"d":"10,000"},"비지정후원금"]
[111,"20240628","기타 후원금품","개인","N","N","오**","기관운영",{"v":50000,"d":"50,000"},"지정후원금"]
[112,"20240705","기타 후원금품","개인","N","N","안**","기관운영",{"v":10000,"d":"10,000"},"비지정후원금"]
[113,"20240710","기타 후원금품","개인","N","N","이**","기관운영",{"v":10000,"d":"10,000"},"비지정후원금"]
[114,"20240717","기타 후원금품","개인","N","N","류**","기관운영",{"v":10000,"d":"10,000"},"비지정후원금"]
[115,"20240717","기타 후원금품","개인","N","N","오**","기관운영",{"v":10000,"d":"10,000"},"비지정후원금"]
[116,"20240719","기타 후원금품","개인","N","N","창***","기관운영",{"v":100000,"d":"100,000"},"비지정후원금"]
[117,"20240721","기타 후원금품","개인","N","N","김**","기관운영",{"v":10000,"d":"10,000"},"비지정후원금"]
[118,"20240722","기타 후원금품","개인","N","N","오**","기관운영",{"v":10000,"d":"10,000"},"비지정후원금"]
[119,"20240725","기타 후원금품","개인","N","N","명**","기관운영",{"v":50000,"d":"50,000"},"지정후원금"]
[120,"20240725","기타 후원금품","개인","N","N","김**","기관운영",{"v":30000,"d":"30,000"},"비지정후원금"]
[121,"20240725","기타 후원금품","개인","N","N","신**","기관운영",{"v":5000,"d":"5,000"},"비지정후원금"]
[122,"20240725","기타 후원금품","개인","N","N","황**","기관운영",{"v":50000,"d":"50,000"},"지정후원금"]
[123,"20240725","기타 후원금품","개인","N","N","오**","기관운영",{"v":50000,"d":"50,000"},"비지정후원금"]
[124,"20240725","기타 후원금품","개인","N","N","정**","기관운영",{"v":10000,"d":"10,000"},"비지정후원금"]
[125,"20240725","기타 후원금품","개인","N","N","심**","기관운영",{"v":50000,"d":"50,000"},"지정후원금"]
[126,"20240726","기타 후원금품","개인","N","N","오**","기관운영",{"v":20000,"d":"20,000"},"비지정후원금"]
[127,"20240805","기타 후원금품","개인","N","N","안**","기관운영",{"v":10000,"d":"10,000"},"비지정후원금"]
[128,"20240809","기타 후원금품","개인","N","N","이**","기관운영",{"v":10000,"d":"10,000"},"비지정후원금"]
[129,"20240813","기타 후원금품","개인","N","N","임상현","기관운영",{"v":120000,"d":"120,000"},"비지정후원금"]
[130,"20240813","기타 후원금품","개인","N","N","손미숙","기관운영",{"v":120000,"d":"120,000"},"비지정후원금"]
[131,"20240819","기타 후원금품","개인","N","N","류**","기관운영",{"v":10000,"d":"10,000"},"비지정후원금"]
[132,"20240819","기타 후원금품","개인","N","N","오**","기관운영",{"v":10000,"d":"10,000"},"비지정후원금"]
[133,"20240820","기타 후원금품","개인","N","N","창***","기관운영",{"v":100000,"d":"100,000"},"비지정후원금"]
[134,"20240820","기타 후원금품","개인","N","N","김**","기관운영",{"v":10000,"d":"10,000"},"비지정후원금"]
[135,"20240821","기타 후원금품","개인","N","N","오**","기관운영",{"v":10000,"d":"10,000"},"비지정후원금"]
[136,"20240823","기타 후원금품","개인","N","N","김**","기관운영",{"v":30000,"d":"30,000"},"비지정후원금"]
[137,"20240823","기타 후원금품","개인","N","N","황**","기관운영",{"v":50000,"d":"50,000"},"지정후원금"]
[138,"20240823","기타 후원금품","개인","N","N","오**","기관운영",{"v":50000,"d":"50,000"},"비지정후원금"]
[139,"20240823","기타 후원금품","개인","N","N","심**","기관운영",{"v":50000,"d":"50,000"},"지정후원금"]
[140,"20240826","기타 후원금품","개인","N","N","오**","기관운영",{"v":20000,"d":"20,000"},"비지정후원금"]
[141,"20240826","기타 후원금품","개인","N","N","신**","기관운영",{"v":5000,"d":"5,000"},"비지정후원금"]
[142,"20240826","기타 후원금품","개인","N","N","정**","기관운영",{"v":10000,"d":"10,000"},"비지정후원금"]
[143,"20240902","기타 후원금품","영리법인","N","N","수**라자","기관운영",{"v":300000,"d":"300,000"},"비지정후원금"]
[144,"20240904","기타 후원금품","개인","N","N","김**(서울우유)","기관운영",{"v":60000,"d":"60,000"},"비지정후원금"]
[145,"20240905","기타 후원금품","개인","N","N","안**","기관운영",{"v":10000,"d":"10,000"},"비지정후원금"]
[146,"20240910","기타 후원금품","개인","N","N","이**","기관운영",{"v":10000,"d":"10,000"},"비지정후원금"]
[147,"20240919","기타 후원금품","개인","N","N","류**","기관운영",{"v":10000,"d":"10,000"},"비지정후원금"]
[148,"20240919","기타 후원금품","개인","N","N","오**","기관운영",{"v":10000,"d":"10,000"},"비지정후원금"]
[149,"20240920","기타 후원금품","개인","N","N","김**","기관운영",{"v":10000,"d":"10,000"},"비지정후원금"]
[150,"20240923","기타 후원금품","개인","N","N","오**","기관운영",{"v":10000,"d":"10,000"},"비지정후원금"]
[151,"20240925","기타 후원금품","개인","N","N","김**","기관운영",{"v":30000,"d":"30,000"},"비지정후원금"]
[152,"20240925","기타 후원금품","개인","N","N","창***","기관운영",{"v":100000,"d":"100,000"},"비지정후원금"]
[153,"20240925","기타 후원금품","개인","N","N","황**","기관운영",{"v":50000,"d":"50,000"},"지정후원금"]
[154,"20240925","기타 후원금품","개인","N","N","오**","기관운영",{"v":50000,"d":"50,000"},"비지정후원금"]
[155,"20240925","기타 후원금품","개인","N","N","정**","기관운영",{"v":10000,"d":"10,000"},"비지정후원금"]
[156,"20240925","기타 후원금품","개인","N","N","심**","기관운영",{"v":50000,"d":"50,000"},"지정후원금"]
[157,"20240926","기타 후원금품","개인","N","N","오**","기관운영",{"v":20000,"d":"20,000"},"비지정후원금"]
[158,"20241007","기타 후원금품","개인","N","N","안**","기관운영",{"v":10000,"d":"10,000"},"비지정후원금"]
[159,"20241010","기타 후원금품","개인","N","N","이**","기관운영",{"v":10000,"d":"10,000"},"비지정후원금"]
[160,"20241017","기타 후원금품","개인","N","N","류**","기관운영",{"v":10000,"d":"10,000"},"비지정후원금"]
[161,"20241017","기타 후원금품","개인","N","N","오**","기관운영",{"v":10000,"d":"10,000"},"비지정후원금"]
[162,"20241021","기타 후원금품","개인","N","N","창***","기관운영",{"v":100000,"d":"100,000"},"비지정후원금"]
[163,"20241021","기타 후원금품","개인","N","N","오**","기관운영",{"v":10000,"d":"10,000"},"비지정후원금"]
[164,"20241025","기타 후원금품","개인","N","N","김**","기관운영",{"v":30000,"d":"30,000"},"비지정후원금"]
[165,"20241025","기타 후원금품","개인","N","N","황**","기관운영",{"v":50000,"d":"50,000"},"지정후원금"]
[166,"20241025","기타 후원금품","개인","N","N","오**","기관운영",{"v":50000,"d":"50,000"},"비지정후원금"]
[167,"20241025","기타 후원금품","개인","N","N","정**","기관운영",{"v":10000,"d":"10,000"},"비지정후원금"]
[168,"20241025","기타 후원금품","개인","N","N","심**","기관운영",{"v":50000,"d":"50,000"},"지정후원금"]
[169,"20241028","기타 후원금품","개인","N","N","오**","기관운영",{"v":20000,"d":"20,000"},"비지정후원금"]
[170,"20241031","기타 후원금품","개인","N","N","김**","기관운영",{"v":10000,"d":"10,000"},"비지정후원금"]
[171,"20241105","기타 후원금품","개인","N","N","안**","기관운영",{"v":10000,"d":"10,000"},"비지정후원금"]
[172,"20241110","기타 후원금품","개인","N","N","이**","기관운영",{"v":10000,"d":"10,000"},"비지정후원금"]
[173,"20241114","기타 후원금품","개인","N","N","김**","기관운영",{"v":500000,"d":"500,000"},"지정후원금"]
[174,"20241118","기타 후원금품","개인","N","N","류**","기관운영",{"v":10000,"d":"10,000"},"비지정후원금"]
[175,"20241118","기타 후원금품","개인","N","N","오**","기관운영",{"v":10000,"d":"10,000"},"비지정후원금"]
[176,"20241121","기타 후원금품","개인","N","N","오**","기관운영",{"v":10000,"d":"10,000"},"비지정후원금"]
[177,"20241122","기타 후원금품","개인","N","N","창***","기관운영",{"v":100000,"d":"100,000"},"비지정후원금"]
[178,"20241125","기타 후원금품","개인","N","N","김**","기관운영",{"v":30000,"d":"30,000"},"비지정후원금"]
[179,"20241125","기타 후원금품","개인","N","N","황**","기관운영",{"v":50000,"d":"50,000"},"지정후원금"]
[180,"20241125","기타 후원금품","개인","N","N","정**","기관운영",{"v":10000,"d":"10,000"},"비지정후원금"]
[181,"20241125","기타 후원금품","개인","N","N","심**","기관운영",{"v":50000,"d":"50,000"},"지정후원금"]
[182,"20241126","기타 후원금품","개인","N","N","오**","기관운영",{"v":20000,"d":"20,000"},"비지정후원금"]
[183,"20241126","기타 후원금품","개인","N","N","오**","기관운영",{"v":50000,"d":"50,000"},"비지정후원금"]
[184,"20241205","기타 후원금품","개인","N","N","안**","기관운영",{"v":10000,"d":"10,000"},"비지정후원금"]
[185,"20241210","기타 후원금품","개인","N","N","이**","기관운영",{"v":10000,"d":"10,000"},"비지정후원금"]
[186,"20241211","기타 후원금품","개인","N","N","김**","기관운영",{"v":500000,"d":"500,000"},"지정후원금"]
[187,"20241211","기타 후원금품","개인","N","N","황**","기관운영",{"v":40000,"d":"40,000"},"비지정후원금"]
[188,"20241211","기타 후원금품","개인","N","N","오**","기관운영",{"v":40000,"d":"40,000"},"비지정후원금"]
[189,"20241211","기타 후원금품","개인","N","N","심**","기관운영",{"v":40000,"d":"40,000"},"비지정후원금"]
[190,"20241211","기타 후원금품","개인","N","N","이**","기관운영",{"v":100000,"d":"100,000"},"지정후원금"]
[191,"20241212","기타 후원금품","개인","N","N","김**","기관운영",{"v":80000,"d":"80,000"},"비지정후원금"]
[192,"20241217","기타 후원금품","개인","N","N","윤**","기관운영",{"v":80000,"d":"80,000"},"비지정후원금"]
[193,"20241217","기타 후원금품","개인","N","N","류**","기관운영",{"v":10000,"d":"10,000"},"비지정후원금"]
[194,"20241217","기타 후원금품","개인","N","N","오**","기관운영",{"v":10000,"d":"10,000"},"비지정후원금"]
[195,"20241221","기타 후원금품","개인","N","N","창***","기관운영",{"v":100000,"d":"100,000"},"비지정후원금"]
[196,"20241224","기타 후원금품","개인","N","N","김**","기관운영",{"v":30000,"d":"30,000"},"비지정후원금"]
[197,"20241224","기타 후원금품","개인","N","N","황**","기관운영",{"v":50000,"d":"50,000"},"지정후원금"]
[198,"20241224","기타 후원금품","개인","N","N","오**","기관운영",{"v":50000,"d":"50,000"},"비지정후원금"]
[199,"20241224","기타 후원금품","개인","N","N","김**","기관운영",{"v":10000,"d":"10,000"},"비지정후원금"]
[200,"20241224","기타 후원금품","개인","N","N","심**","기관운영",{"v":50000,"d":"50,000"},"지정후원금"]
[201,"20241226","기타 후원금품","개인","N","N","오**","기관운영",{"v":20000,"d":"20,000"},"비지정후원금"]
[202,"20241226","기타 후원금품","개인","N","N","정**","기관운영",{"v":10000,"d":"10,000"},"비지정후원금"]
[203,"20241231","기타 후원금품","개인","N","N","김**","기관운영",{"v":100000,"d":"100,000"},"비지정후원금"]
["합계",{"$nulls":7},{"$f":"SUM(I4:I206)","v":{"v":8515000,"d":"8,515,000"}}]

{"sheet":"2. 후원품 수입명세서","index":1,"n_rows":62,"n_cols":14,"rows_kept":62,"merged":[[0,0,0,8]]}
["2. 후원금품 수입명세서"]
[]
["No.","발생일자","후원품종류","후원자구분","모금(자)기관\n여부","기부금단체\n여부","후원자","내역","품명","수량","단위","단가(원)","금액(원)","비고"]
[1,"2024-01-12","식품","민간단체","Y","Y","문******","음료수","사이다",2,"박스",{"v":27000,"d":"27,000"},{"v":54000,"d":"54,000"}]
[2,"2024-01-25","식품","민간단체","Y","Y","문******","간식","빵",1,"봉지",{"v":30000,"d":"30,000"},{"v":30000,"d":"30,000"}]
[3,"2024-02-05","상품권(이용권)","공공기관","N","N","광*****","상품권","상품권",50,"장",{"v":10000,"d":"10,000"},{"v":500000,"d":"500,000"}]
[4,"2024-02-07","식품","민간단체","N","N","여************","주식","김",1,"묶음",{"v":15000,"d":"15,000"},{"v":15000,"d":"15,000"}]
[5,"2024-02-07","식품","민간단체","N","N","여************","과일","바나나",1,"박스",{"v":25000,"d":"25,000"},{"v":25000,"d":"25,000"}]
[6,"2024-02-07","식품","민간단체","N","N","여************","주식","생선",1,"박스",{"v":50000,"d":"50,000"},{"v":50000,"d":"50,000"}]
[7,"2024-02-07","상품권(이용권)","민간단체","N","N","여************","상품권","상품권",2,"장",{"v":50000,"d":"50,000"},{"v":100000,"d":"100,000"}]
[8,"2024-02-28","식품","민간단체","Y","Y","문******","간식","떡",1,"봉지",{"v":20000,"d":"20,000"},{"v":20000,"d":"20,000"}]
[9,"2024-02-28","식품","민간단체","Y","Y","문******","간식","빵",1,"봉지",{"v":30000,"d":"30,000"},{"v":30000,"d":"30,000"}]
[10,"2024-03-18","식품","민간단체","Y","Y","문******","간식","빵",1,"봉지",{"v":30000,"d":"30,000"},{"v":30000,"d":"30,000"}]
[11,"2024-03-25","사무용품","영리법인","N","N","이******","사무용품","노트",100,"권",{"v":5000,"d":"5,000"},{"v":500000,"d":"500,000"}]
[12,"2024-03-27","식품","민간단체","Y","Y","문******","간식","떡",1,"박스",{"v":30000,"d":"30,000"},{"v":30000,"d":"30,000"}]
[13,"2024-04-11","식품","영리법인","N","N","대**","주부식","파프리카",30,"Kg",{"v":5000,"d":"5,000"},{"v":150000,"d":"150,000"}]
[14,"2024-04-19","식품","민간단체","Y","Y","문******","주부식","빵",1,"박스",{"v":50000,"d":"50,000"},{"v":50000,"d":"50,000"}]
[15,"2024-05-20","식품","민간단체","Y","Y","문******","주부식","빵",1,"박스",{"v":50000,"d":"50,000"},{"v":50000,"d":"50,000"}]
[16,"2024-05-29","식품","공공기관","N","N","시*****","주부식","라면",2,"박스",{"v":33000,"d":"33,000"},{"v":66000,"d":"66,000"}]
[17,"2024-05-29","식품","공공기관","N","N","시*****","주부식","쌀",2,"Kg",{"v":30000,"d":"30,000"},{"v":60000,"d":"60,000"}]
[18,"2024-06-13","식품","민간단체","Y","Y","문******","주부식","빵",1,"박스",{"v":50000,"d":"50,000"},{"v":50000,"d":"50,000"}]
[19,"2024-06-24","식품","민간단체","Y","Y","문******","주부식","빵",1,"박스",{"v":50000,"d":"50,000"},{"v":50000,"d":"50,000"}]
[20,"2024-06-25","생활용품","민간단체","N","N","여************","생필품","팔토시",20,"개",{"v":2000,"d":"2,000"},{"v":40000,"d":"40,000"}]
[21,"2024-07-05","식품","영리법인","N","N","대**","주부식","파프리카",30,"Kg",{"v":7000,"d":"7,000"},{"v":210000,"d":"210,000"}]
[22,"2024-07-24","식품","민간단체","Y","Y","문******","주부식","빵",1,"박스",{"v":50000,"d":"50,000"},{"v":50000,"d":"50,000"}]
[23,"2024-08-16","식품","민간단체","Y","Y","문******","음료","음료",1,"박스",{"v":20000,"d":"20,000"},{"v":20000,"d":"20,000"}]
[24,"2024-08-16","식품","영리법인","N","N","대**","주부식","파프리카",50,"Kg",{"v":7000,"d":"7,000"},{"v":350000,"d":"350,000"}]
[25,"2024-08-29","식품","민간단체","Y","Y","문******","간식","빵",1,"박스",{"v":50000,"d":"50,000"},{"v":50000,"d":"50,000"}]
[26,"2024-09-04","식품","영리법인","N","N","G*****","주부식","쌀",4,"Kg",{"v":50000,"d":"50,000"},{"v":200000,"d":"200,000"},"추석명절위문품"]
[27,"2024-09-05","식품","공공기관","N","N","여****","주부식","국수",1,"박스",{"v":20000,"d":"20,000"},{"v":20000,"d":"20,000"},"추석명절위문-기후생태과"]
[28,"2024-09-05","식품","공공기관","N","N","여****","주부식","김",1,"박스",{"v":20000,"d":"20,000"},{"v":20000,"d":"20,000"},"추석명절위문-기후생태과"]
[29,"2024-09-05","식품","공공기관","N","N","여****","주부식","멸치",1,"박스",{"v":30000,"d":"30,000"},{"v":30000,"d":"30,000"},"추석명절위문-기후생태과"]
[30,"2024-09-05","식품","공공기관","N","N","여****","주부식","생선",1,"박스",{"v":50000,"d":"50,000"},{"v":50000,"d":"50,000"},"추석명절위문-기후생태과"]
[31,"2024-09-05","상품권(이용권)","공공기관","N","N","여****","지역상품권","상품권",10,"장",{"v":10000,"d":"10,000"},{"v":100000,"d":"100,000"},"추석명절위문-기후생태과"]
[32,"2024-09-06","식품","민간단체","Y","Y","문******","간식","빵",1,"박스",{"v":50000,"d":"50,000"},{"v":50000,"d":"50,000"}]
[33,"2024-09-06","식품","공공기관","N","N","여****","주부식","돼지고기",10,"박스",{"v":30000,"d":"30,000"},{"v":300000,"d":"300,000"},"한돈협회 후원"]
[34,"2024-09-09","상품권(이용권)","공공기관","N","N","광*****","상품권","상품권",50,"장",{"v":10000,"d":"10,000"},{"v":500000,"d":"500,000"},"추석명절위문"]
[35,"2024-09-09","상품권(이용권)","공공기관","N","N","여****","상품권","상품권",8,"장",{"v":50000,"d":"50,000"},{"v":400000,"d":"400,000"},"추석명절 후원금품"]
[36,"2024-09-20","식품","민간단체","Y","Y","문******","주부식(간식)","빵",1,"박스",{"v":50000,"d":"50,000"},{"v":50000,"d":"50,000"}]
[37,"2024-09-26","식품","개인","N","N","남희경","주부식","과일",1,"박스",{"v":50000,"d":"50,000"},{"v":50000,"d":"50,000"}]
[38,"2024-10-02","식품","민간단체","Y","Y","문******","주부식(간식)","빵",1,"박스",{"v":50000,"d":"50,000"},{"v":50000,"d":"50,000"}]
[39,"2024-10-15","의류","개인","N","N","김**과**동무","피복","점퍼",1,"박스",{"v":300000,"d":"300,000"},{"v":300000,"d":"300,000"}]
[40,"2024-10-17","식품","민간단체","Y","Y","문******","주부식(간식)","감자튀김",1,"박스",{"v":50000,"d":"50,000"},{"v":50000,"d":"50,000"}]
[41,"2024-11-03","식품","개인","N","N","중***","주부식(과일)","감",2,"박스",{"v":30000,"d":"30,000"},{"v":60000,"d":"60,000"}]
[42,"2024-11-03","식품","개인","N","N","중***","주부식(과일)","귤",1,"박스",{"v":20000,"d":"20,000"},{"v":20000,"d":"20,000"}]
[43,"2024-11-03","식품","개인","N","N","중***","주부식(부식)","미역 김",4,"개",{"v":10000,"d":"10,000"},{"v":40000,"d":"40,000"}]
[44,"2024-11-03","식품","개인","N","N","중***","주부식(과일)","바나나",2,"송이",{"v":5000,"d":"5,000"},{"v":10000,"d":"10,000"}]
[45,"2024-11-03","식품","개인","N","N","중***","주부식(부식)","북어채",1,"개",{"v":5000,"d":"5,000"},{"v":5000,"d":"5,000"}]
[46,"2024-11-03","식품","개인","N","N","중***","주부식(부식)","야채",1,"박스",{"v":30000,"d":"30,000"},{"v":30000,"d":"30,000"}]
[47,"2024-11-07","식품","개인","N","N","안**","주부식","돼지고기",24,"Kg",{"v":10000,"d":"10,000"},{"v":240000,"d":"240,000"},"11월 - 주1회씩 총 4회"]
[48,"2024-11-28","식품","민간단체","Y","Y","문******","주부식(간식)","빵",1,"박스",{"v":50000,"d":"50,000"},{"v":50000,"d":"50,000"}]
[49,"2024-11-28","식품","개인","N","N","남**","주부식","쌀",2,"Kg",{"v":40000,"d":"40,000"},{"v":80000,"d":"80,000"}]
[50,"2024-12-03","식품","개인","N","N","김**","주부식(과일)","귤",2,"박스",{"v":20000,"d":"20,000"},{"v":40000,"d":"40,000"}]
[51,"2024-12-05","식품","개인","N","N","안**","주부식","돼지고기",24,"g",{"v":10000,"d":"10,000"},{"v":240000,"d":"240,000"},"12월 - 주 1회 총 4회"]
[52,"2024-12-06","가전제품","개인","N","N","여*******","컴퓨터","컴퓨터",3,"대",0,0]
[53,"2024-12-11","식품","민간단체","Y","Y","문******","주부식(간식)","빵",1,"박스",{"v":50000,"d":"50,000"},{"v":50000,"d":"50,000"}]
[54,"2024-12-17","식품","개인","N","N","남**","주부식","과자",1,"박스",{"v":35000,"d":"35,000"},{"v":35000,"d":"35,000"}]
[55,"2024-12-17","식품","개인","N","N","남**","주부식","도시락김",1,"박스",{"v":15000,"d":"15,000"},{"v":15000,"d":"15,000"}]
[56,"2024-12-17","식품","개인","N","N","남**","주부식","라면",1,"박스",{"v":25000,"d":"25,000"},{"v":25000,"d":"25,000"}]
[57,"2024-12-19","식품","개인","N","N","여수****","주부식","돼지고기",20,"Kg",{"v":10000,"d":"10,000"},{"v":200000,"d":"200,000"}]
[58,"2024-12-23","생활용품","개인","N","N","진*******","생필품","생필품",15,"박스",{"v":100000,"d":"100,000"},{"v":1500000,"d":"1,500,000"}]
[59,"2024-12-26","생활용품","공공기관","N","N","여****","생활용품","생필품",3,"박스",{"v":100000,"d":"100,000"},{"v":300000,"d":"300,000"}]

{"sheet":"3. 후원금 사용명세서","index":2,"n_rows":58,"n_cols":7,"rows_kept":58,"merged":[[0,0,0,6],[57,0,57,2]]}
["3. 후원금(금전) 사용명세서"]
[]
["No.","사용일자","사용내역","금액","결연후원\n금품여부","산출기준","비고"]
[1,"2024/01/03-1","1월 임대료",{"v":100000,"d":"100,000"},"N",null,"지정후원금"]
[2,"2024/01/16-1","우편물 발송 - 기부금영수증(우체국)",{"v":18700,"d":"18,700"},"N",null,"비지정후원금"]
[3,"2024/01/22-2","음식물쓰레기통구입",{"v":12000,"d":"12,000"},"N",null,"비지정후원금"]
[4,"2024/01/25-8","차량주유(호성주유소)",{"v":50000,"d":"50,000"},"N",null,"비지정후원금"]
[5,"2024/02/01-2","2월 임대료",{"v":100000,"d":"100,000"},"N",null,"지정후원금"]
[6,"2024/02/14-1","입소생 이미용(레몬헤어샵)",{"v":10000,"d":"10,000"},"N",null,"비지정후원금"]
[7,"2024/02/20-2","야간자 상해보험가입(한국사회복지공제회)",{"v":30000,"d":"30,000"},"N",null,"비지정후원금"]
[8,"2024/02/20-3","전기요금",{"v":29530,"d":"29,530"},"N",null,"비지정후원금"]
[10,"2024/03/04-1","3월 임대료",{"v":100000,"d":"100,000"},"N",null,"지정후원금"]
[11,"2024/03/20-4","잔액증명서 발급",{"v":1000,"d":"1,000"},"N",null,"비지정후원금"]
[12,"2024/04/09-4","커피 및 사무잡화(롯데마트)",{"v":91970,"d":"91,970"},"N",null,"비지정후원금"]
[13,"2024/04/11-3","4월 임대료",{"v":100000,"d":"100,000"},"N",null,"지정후원금"]
[14,"2024/04/19-2","자동차변경등록(여수시청)",{"v":17300,"d":"17,300"},"N",null,"비지정후원금"]
[15,"2024/04/19-3","사회복지시설연합회 회비-2회분(여수시사회복지시설연합회)",{"v":100000,"d":"100,000"},"N",null,"비지정후원금"]
[16,"2024/04/23-2","신입직원교육 연수비(여수YWCA)",{"v":40000,"d":"40,000"},"N",null,"비지정후원금"]
[17,"2024/04/25-9","5월 임대료",{"v":200000,"d":"200,000"},"N",null,"지정후원금"]
[18,"2024/05/14-1","음료(이마트24)",{"v":15500,"d":"15,500"},"N",null,"비지정후원금"]
[19,"2024/05/16-1","음료(스타마트)",{"v":10000,"d":"10,000"},"N",null,"비지정후원금"]
[20,"2024/05/17-8","모니터구입",{"v":109000,"d":"109,000"},"N",null,"비지정후원금"]
[21,"2024/05/21-7","입소생 수학여행 경비",{"v":50000,"d":"50,000"},"N",null,"비지정후원금"]
[22,"2024/05/22-1","종사자 심리소진 예방 p.g(인터파크)",{"v":81000,"d":"81,000"},"N",null,"지정후원금"]
[23,"2024/05/24-5","홍보 p.g - 간식",{"v":95000,"d":"95,000"},"N",null,"지정후원금"]
[24,"2024/05/26-3","6월 사무실 임대료 3층/4 층",{"v":200000,"d":"200,000"},"N",null,"지정후원금"]
[25,"2024/05/27-9","수상자 꽃다발",{"v":50000,"d":"50,000"},"N",null,"비지정후원금"]
[26,"2024/06/04-1","4층 전기요금",{"v":14840,"d":"14,840"},"N",null,"비지정후원금"]
[27,"2024/06/05-1","종사자 심리소진 예방 p.g - 식사(정희)",{"v":141300,"d":"141,300"},"N",null,"지정후원금"]
[28,"2024/06/24-6","번호키설치(금강열쇠)",{"v":180000,"d":"180,000"},"N",null,"비지정후원금"]
[29,"2024/06/25-6","7월 사무실 임대료 3층/4 층",{"v":200000,"d":"200,000"},"N",null,"지정후원금"]
[30,"2024/06/25-7","호남지부 시설장 교육비",{"v":100000,"d":"100,000"},"N",null,"비지정후원금"]
[31,"2024/07/08-1","귀가지원-음료(커피)제공",{"v":2500,"d":"2,500"},"N",null,"비지정후원금"]
[32,"2024/07/31-4","임대료",{"v":200000,"d":"200,000"},"N",null,"지정후원금"]
[33,"2024/07/31-5","사회복지시설연합회 회비-3분기(여수시사회복지시설연합회)",{"v":50000,"d":"50,000"},"N",null,"비지정후원금"]
[34,"2024/08/07-1","프로그램",{"v":140000,"d":"140,000"},"N",null,"비지정후원금"]
[35,"2024/08/21-2","택배비(락앤락)",{"v":3000,"d":"3,000"},"N",null,"비지정후원금"]
[36,"2024/08/26-5","임대료",{"v":200000,"d":"200,000"},"N",null,"비지정후원금"]
[37,"2024/09/10-3","황명순외 5명",{"v":4790000,"d":"4,790,000"},"N","기본급의 30%","지정후원금"]
[38,"2024/09/26-3","임대료",{"v":200000,"d":"200,000"},"N",null,"지정후원금"]
[39,"2024/10/29-2","임대료",{"v":200000,"d":"200,000"},"N",null,"지정후원금"]
[40,"2024/10/29-3","운동회 참가비",{"v":90000,"d":"90,000"},"N",null,"비지정후원금"]
[41,"2024/11/07-6","교육비-2인",{"v":300800,"d":"300,800"},"N",null,"비지정후원금"]
[42,"2024/11/07-7","출장여비(심지연)",{"v":90000,"d":"90,000"},"N",null,"비지정후원금"]
[43,"2024/11/08-1","택배비(경동택배)",{"v":112500,"d":"112,500"},"N",null,"비지정후원금"]
[44,"2024/11/25-7","임대료",{"v":200000,"d":"200,000"},"N",null,"지정후원금"]
[45,"2024/11/28-1","스파크주유(선원주유소)",{"v":138000,"d":"138,000"},"N",null,"비지정후원금"]
[46,"2024/12/02-4","11월 홈페이지관리비",{"v":77000,"d":"77,000"},"N",null,"비지정후원금"]
[47,"2024/12/04-1","수퍼비젼강사비",{"v":200000,"d":"200,000"},"N",null,"비지정후원금"]
[48,"2024/12/10-1","12월정수기(코웨이)",{"v":141500,"d":"141,500"},"N",null,"비지정후원금"]
[49,"2024/12/16-3","출장여비-윤정미(윤정미)",{"v":61000,"d":"61,000"},"N",null,"비지정후원금"]
[50,"2024/12/16-4","홈페이지관리비(웹나인)",{"v":77000,"d":"77,000"},"N",null,"비지정후원금"]
[51,"2024/12/17-3","스파크주유(양지주유소)",{"v":50000,"d":"50,000"},"N",null,"비지정후원금"]
[52,"2024/12/23-1","병원진료(서울연합의원)",{"v":6500,"d":"6,500"},"N",null,"비지정후원금"]
[53,"2024/12/26-5","임대료",{"v":200000,"d":"200,000"},"N",null,"지정후원금"]
[54,"2024/12/26-6","12월4대기관부담금",{"v":1483150,"d":"1,483,150"},"N",null,"비지정후원금"]
[55,"2024/12/29-1","강사비소득세",{"v":6600,"d":"6,600"},"N",null,"비지정후원금"]
["합계",null,null,{"$f":"SUM(D4:D57)","v":{"v":11266690,"d":"11,266,690"}},"N"]

{"sheet":"4. 후원품 사용명세서","index":3,"n_rows":62,"n_cols":10,"rows_kept":62,"merged":[[0,0,0,8]]}
["4. 후원품 사용명세서"]
[]
["No.","사용일자","사용내역","사용장소명","결연후원\n금품여부","물품명","수량","단위명","금액(원)","비고"]
[1,"2024-01-28","식품","여수남자단기청소년쉼터",null,"빵",1,"봉지",{"v":30000,"d":"30,000"}]
[2,"2024-01-31","식품","여수남자단기청소년쉼터",null,"사이다",2,"박스",{"v":54000,"d":"54,000"}]
[3,"2024-02-13","상품권(이용권)","여수남자단기청소년쉼터",null,"상품권",50,"장",{"v":500000,"d":"500,000"}]
[4,"2024-02-19","식품","여수남자단기청소년쉼터",null,"김",1,"묶음",{"v":15000,"d":"15,000"}]
[5,"2024-02-19","식품","여수남자단기청소년쉼터",null,"바나나",1,"박스",{"v":25000,"d":"25,000"}]
[6,"2024-02-19","상품권(이용권)","여수남자단기청소년쉼터",null,"상품권",2,"장",{"v":100000,"d":"100,000"}]
[7,"2024-02-19","식품","여수남자단기청소년쉼터",null,"생선",1,"박스",{"v":50000,"d":"50,000"}]
[8,"2024-03-04","식품","여수남자단기청소년쉼터",null,"떡",1,"봉지",{"v":20000,"d":"20,000"}]
[9,"2024-03-04","식품","여수남자단기청소년쉼터",null,"빵",1,"봉지",{"v":30000,"d":"30,000"}]
[10,"2024-03-20","식품","여수남자단기청소년쉼터",null,"빵",1,"봉지",{"v":30000,"d":"30,000"}]
[11,"2024-03-28","식품","여수남자단기청소년쉼터",null,"떡",1,"박스",{"v":30000,"d":"30,000"}]
[12,"2024-04-25","식품","여수남자단기청소년쉼터",null,"파프리카",30,"Kg",{"v":150000,"d":"150,000"}]
[13,"2024-04-25","식품","여수남자단기청소년쉼터",null,"빵",1,"박스",{"v":50000,"d":"50,000"}]
[14,"2024-05-23","식품","여수남자단기청소년쉼터",null,"빵",1,"박스",{"v":50000,"d":"50,000"}]
[15,"2024-06-16","식품","여수남자단기청소년쉼터",null,"빵",1,"박스",{"v":50000,"d":"50,000"}]
[16,"2024-06-27","식품","여수남자단기청소년쉼터",null,"빵",1,"박스",{"v":50000,"d":"50,000"}]
[17,"2024-06-28","생활용품","여수남자단기청소년쉼터",null,"팔토시",20,"개",{"v":40000,"d":"40,000"}]
[18,"2024-07-01","사무용품","여수남자단기청소년쉼터",null,"노트",100,"권",{"v":500000,"d":"500,000"}]
[19,"2024-07-15","식품","여수남자단기청소년쉼터",null,"라면",2,"박스",{"v":66000,"d":"66,000"}]
[20,"2024-07-26","식품","여수남자단기청소년쉼터",null,"빵",1,"박스",{"v":50000,"d":"50,000"}]
[21,"2024-07-29","식품","여수남자단기청소년쉼터",null,"쌀",2,"Kg",{"v":60000,"d":"60,000"}]
[22,"2024-07-31","식품","여수남자단기청소년쉼터",null,"파프리카",30,"Kg",{"v":210000,"d":"210,000"}]
[23,"2024-08-23","식품","여수남자단기청소년쉼터",null,"음료",1,"박스",{"v":20000,"d":"20,000"}]
[24,"2024-09-01","식품","여수남자단기청소년쉼터",null,"빵",1,"박스",{"v":50000,"d":"50,000"}]
[25,"2024-09-08","식품","여수남자단기청소년쉼터",null,"빵",1,"박스",{"v":50000,"d":"50,000"}]
[26,"2024-09-10","상품권(이용권)","여수남자단기청소년쉼터",null,"상품권",8,"장",{"v":400000,"d":"400,000"}]
[27,"2024-09-12","식품","여수남자단기청소년쉼터",null,"파프리카",50,"Kg",{"v":350000,"d":"350,000"}]
[28,"2024-09-20","식품","여수남자단기청소년쉼터",null,"국수",1,"박스",{"v":20000,"d":"20,000"}]
[29,"2024-09-20","식품","여수남자단기청소년쉼터",null,"김",1,"박스",{"v":20000,"d":"20,000"}]
[30,"2024-09-20","상품권(이용권)","여수남자단기청소년쉼터",null,"상품권",10,"장",{"v":100000,"d":"100,000"}]
[31,"2024-09-20","식품","여수남자단기청소년쉼터",null,"생선",1,"박스",{"v":50000,"d":"50,000"}]
[32,"2024-09-22","식품","여수남자단기청소년쉼터",null,"빵",1,"박스",{"v":50000,"d":"50,000"}]
[33,"2024-09-25","식품","여수남자단기청소년쉼터",null,"돼지고기",10,"박스",{"v":300000,"d":"300,000"}]
[34,"2024-09-30","식품","여수남자단기청소년쉼터",null,"과일",1,"박스",{"v":50000,"d":"50,000"}]
[35,"2024-10-02","식품","여수남자단기청소년쉼터",null,"멸치",1,"박스",{"v":30000,"d":"30,000"}]
[36,"2024-10-07","식품","여수남자단기청소년쉼터",null,"빵",1,"박스",{"v":50000,"d":"50,000"}]
[37,"2024-10-15","의류","여수남자단기청소년쉼터",null,"점퍼",1,"박스",{"v":300000,"d":"300,000"}]
[38,"2024-10-23","식품","여수남자단기청소년쉼터",null,"쌀",4,"Kg",{"v":200000,"d":"200,000"}]
[39,"2024-11-03","식품","여수남자단기청소년쉼터",null,"감자튀김",1,"박스",{"v":50000,"d":"50,000"}]
[40,"2024-11-03","식품","여수남자단기청소년쉼터",null,"귤",1,"박스",{"v":20000,"d":"20,000"}]
[41,"2024-11-03","식품","여수남자단기청소년쉼터",null,"바나나",2,"송이",{"v":10000,"d":"10,000"}]
[42,"2024-11-03","식품","여수남자단기청소년쉼터",null,"야채",1,"박스",{"v":30000,"d":"30,000"}]
[43,"2024-11-12","식품","여수남자단기청소년쉼터",null,"북어채",1,"개",{"v":5000,"d":"5,000"}]
[44,"2024-11-29","식품","여수남자단기청소년쉼터",null,"감",2,"박스",{"v":60000,"d":"60,000"}]
[45,"2024-11-30","상품권(이용권)","여수남자단기청소년쉼터",null,"상품권",50,"장",{"v":500000,"d":"500,000"}]
[46,"2024-11-30","식품","여수남자단기청소년쉼터",null,"돼지고기",24,"Kg",{"v":240000,"d":"240,000"}]
[47,"2024-12-01","식품","여수남자단기청소년쉼터",null,"빵",1,"박스",{"v":50000,"d":"50,000"}]
[48,"2024-12-04","식품","여수남자단기청소년쉼터",null,"미역 김",4,"개",{"v":40000,"d":"40,000"}]
[49,"2024-12-07","식품","여수남자단기청소년쉼터",null,"귤",2,"박스",{"v":40000,"d":"40,000"}]
[50,"2024-12-27","식품","여수남자단기청소년쉼터",null,"빵",1,"박스",{"v":50000,"d":"50,000"}]
[51,"2024-12-27","식품","여수남자단기청소년쉼터",null,"과자",1,"박스",{"v":35000,"d":"35,000"}]
[52,"2024-12-27","식품","여수남자단기청소년쉼터",null,"도시락김",1,"박스",{"v":15000,"d":"15,000"}]
[53,"2024-12-27","식품","여수남자단기청소년쉼터",null,"라면",1,"박스",{"v":25000,"d":"25,000"}]
[54,"2024-12-27","생활용품","여수남자단기청소년쉼터",null,"생필품",15,"박스",{"v":1500000,"d":"1,500,000"}]
[55,"2024-12-27","생활용품","여수남자단기청소년쉼터",null,"생필품",3,"박스",{"v":300000,"d":"300,000"}]
[56,"2024-12-30","식품","여수남자단기청소년쉼터",null,"쌀",2,"Kg",{"v":80000,"d":"80,000"}]
[57,"2024-12-30","가전제품","여수남자단기청소년쉼터",null,"컴퓨터",3,"대",0]
[58,"2024-12-30","식품","여수남자단기청소년쉼터",null,"돼지고기",20,"Kg",{"v":200000,"d":"200,000"}]
[59,"2024-12-31","식품","여수남자단기청소년쉼터",null,"돼지고기",24,"g",{"v":240000,"d":"240,000"}]

{"sheet":"5. 후원금 전용계좌","index":4,"n_rows":4,"n_cols":3,"rows_kept":4,"merged":[[0,0,0,2]]}
["5. 후원금 전용계좌"]
[]
["금융기관 등의 명칭","계좌번호","계좌명의"]
["우체국","503300-05-00155","여수남자단기청소년쉼터"]